MDQL
is popping MORE tags! Check the
thread
!
Quizzes
Events
Quiz Creation
Community
Videos
Private Events
Remove Ads
Sign In
Join for FREE
Feedback
Dark Mode
Quiz Categories
Sports
Geography
Music
Movies
Television
Just For Fun
Miscellaneous
History
Literature
Language
Science
Gaming
Entertainment
Religion
Holiday
For Kids
Quiz Lab
Recent
Popular Today
Quiz Kudos Today
Editor Picks
Curator Picks
Quizzes by...
Day
Popularity
Type
Ratings
Length
Year
Community
Subscriptions
Recent Discussions
Orange Saloon
Badges
Playlists
Quests
Create
Leaderboards
Showdown
Live 5
Trivia Bingo
Activity
Puzzle Library
Sporcle Events
Private Events
Virtual Trivia
Globe League
Become a Host
Pub Owners
SporcleCon
Opinionation
Our Games
Videos
Blog
Mobile Apps
Partnerships
Remove Ads and Go Orange
Feedback
Literature
Harry Potter
A Song of Ice and Fire
The Hunger Games
Literary Character
Shakespeare
Book
Author
Novel
Poem
Young Adult
Children's Books
Play
Lord of the Rings
Literature
Harry Potter
A Song of Ice and Fire
The Hunger Games
Literary Character
Shakespeare
Book
Author
Novel
Poem
Young Adult
Children's Books
Play
Lord of the Rings
Random Quiz
Search Sporcle
×
Quiz Lab
Quiz Lab
Literature
A Song of Ice and Fire
Type in answers that appear in a list
Type in answers that appear in a list
Classic
Best Score? Go Orange.
Hands of the King in ASOIAF Stats
Can you name the Hands of the King in ASOIAF?
By
Yannai
7m
29 Questions
993 Plays
993 Plays
993 Plays
Comments
Comments
Give Quiz Kudos
Give Quiz Kudos
-
- Ratings
hide this ad
Replay
Link that replays current quiz
Next Quiz
Link to next quiz in quiz playlist
You Got
0%
They Got
Avg Score
57%
Avg Friend Score
Upgrade to see
Score Distribution
Jump to the score distribution portion of the page
Score
0/29
Timer
07:00
0
Plays Today
King
Hand
% Correct
Aerys II Targaryen
Lord Tywin Lannister
98.8%
Tommen I Baratheon
Lord Tywin Lannister
98.8%
Joffrey I Baratheon
Lord Tywin Lannister
98.8%
Robert I Baratheon
Lord Eddard Stark
96.6%
Joffrey I Baratheon
Tyrion Lannister
94.1%
Stannis I Baratheon
Lord Davos Seaworth
91.3%
Robert I Baratheon
Lord Jon Arryn
90.7%
Aegon VI Targaryen
Lord Jon Connington
86.4%
Aerys II Targaryen
Lord Jon Connington
85.9%
Tommen I Baratheon
Lord Mace Tyrell
85.3%
Renly I Baratheon
Lord Mace Tyrell
85.3%
Daenerys I Targaryen
Ser Barristan Selmy
82.9%
Stannis I Baratheon
Lord Alester Florent
66%
Tommen I Baratheon
Ser Harys Swyft
59.7%
Tommen I Baratheon
Lord Orton Merryweather
50.1%
King
Hand
% Correct
Aerys II Targaryen
Rossart
47.9%
Aerys I Targaryen
Brynden 'Bloodraven' Rivers
46.4%
Aegon I Targaryen
Lord Orys Baratheon
42.4%
Daeron I Targaryen
Prince Viserys Targaryen
40.7%
Baelor I Targaryen
Prince Viserys Targaryen
40.7%
Daeron II Targaryen
Prince Baelor 'Breakspear' Targaryen
35.2%
Aenys I Targaryen
Prince Maegor Targaryen
33.5%
Aerys II Targaryen
Lord Owen Merryweather
26.1%
Jaehaerys I Targaryen
Septon Barth
24.2%
Aerys II Targaryen
Lord Qarlton Chelsted
19.8%
Daeron II Targaryen
Lord Ambrose Butterwell
10.5%
Viserys I Targaryen
Lord Lyonel Strong
10.3%
Aegon IV Targaryen
Lord Butterwell
9.2%
Daeron II Targaryen
Lord Hayford
6.9%
Quiz Playlist
Details
Report
Send in Message
Add To Playlist
Classic:
Type in answers that appear in a list
Quiz Source
Last Updated: Feb 16, 2017
Quiz Scoreboard
CHALLENGE
Sign Up to Join the Scoreboard
Show All
Scores
Hide
Comments
May contain spoilers
Recently Published
Image Sorting: Flags VI
by Barbecue
Geography
2m
Find the 'City' Movie
by crazypaving
Movies
60s
Colored Red Africa Blitz
by spor1
Geography
45s
More to Explore
Quiz From the Vault
Featured Blog Post
14 Easter Pick-up Lines to Find Eggs With
hide this ad
You Might Also Like...
Tags
A Song of Ice and Fire Quiz
asoiaf
Game of Thrones
Today's Top Quizzes in Literature
Browse Literature
hide this ad
Today's Top Quizzes in A Song of Ice and Fire
Browse A Song of Ice and Fire
Top Contributed Quizzes in Literature
1
Sneaky Slytherin Logic Puzzle
2
Harry Potter logic puzzle: The Hogwarts Soap Opera
3
Get The Picture: Black or White Literature
4
Harry Potter Slytherin Logic Puzzle
5
'Middle' Earth
6
ASOIAF Siblings Logic Puzzle
7
Logic Puzzle: Avoid Dumbledore's Army
8
A Song of Ice and Fire Logic Puzzle
9
Harry Potter Logic Puzzle 1
10
Quick Pick: Easter in Book Titles
Explore More
Trending Topics
NBA
Crossword
Harry Potter
Marvel
Disney
Kpop
Anime
Puzzle
Song
Pokémon
NFL
WWE
Soccer
The Office
Country
hide this ad
More By:
Yannai
Quiz
Plays
Rating
Category
Featured
Created
Hands of the King in ASOIAF
993
4.10
Literature
Jan 23, 2013
Modern countries in David and Solomon's Israel
259
4.20
Religion
Sep 8, 2011
Hasmonean\Herodian rulers and monarchs of Judah
49
5.00
History
Mar 6, 2013
Go to Creator's Profile
Score Distribution
Quiz Creator Spotlight
Yannai
Follow
Send a Message
Quizzes Created
-
Created Quiz Play Count
-
More By This Creator
Popular Quizzes Today
1
Colored Red Africa Blitz
2
Find the US States - No Outlines Minefield
3
Find the 'City' Movie
4
5x2 Blitz: Bands
5
The Countries of the World
6
Find the US States
7
Find the Countries of Europe - No Outlines Minefield
8
US States
More Literature Quizzes
5-Star Literary Surnames
Published
Trending Quizzes
Colored Red Europe Blitz I
Colored Red Europe Blitz II
Colored Red Africa Blitz II
Colored Red Europe Blitz III
Colored Red Africa Blitz III
Recently Updated
How Do You Spell That?
pecheneg
Godzilla Movies
pecheneg
Grab Bag: 4-10 Letters
pecheneg
2024 March Madness Bracket
pecheneg
Famous TV Couples
Peacemaker
Champions League XIs: Real Madrid
pecheneg
Largest US Cities 1790-2010
pecheneg
Rides in Walt Disney World
pecheneg
Most Oscar Losses (Acting)
pecheneg
Beyoncé Albums
pecheneg
Trending Topics
Marvel
NBA
Harry Potter
Crossword
Kpop
Anime
Disney
Pokémon
The Office
Song
Country
Soccer
WWE
Puzzle
NFL
Your Account Isn't Verified!
In order to create a playlist on Sporcle, you need to verify the email address you used during registration. Go to your
Sporcle Settings
to finish the process.
Report this User
Report this user for behavior that violates our
Community Guidelines
.
Details:
Send Report
Go to the Sporcle.com Mobile Site →
Comments